000 00770nam a2200229 a 4500
999 _c692
_d692
001 692
003 BD-JhCC
005 20210420134019.0
008 171008s2015 bg |||| |||| 000 0 ben d
020 _a9847031100148
035 _a(BD-JhCC)692
040 _aBD-JhCC
_dBD-JhCC
041 _aben
082 _a891.443
_bCHO 2015
100 _aচট্টোপাধ্যায়, বঙ্কিমচন্দ্র
245 _aবঙ্কিম রচনাসমগ্র /
_c বঙ্কিমচন্দ্র চট্টোপাধ্যায়
260 _aঢাকা:
_bসালাউদ্দিন বইঘর,
_c2015
300 _a৭৮৪ পৃ:
_c২0 সেমি:
650 _aBengali novel
942 _2ddc
_cBK
_09